Statistics for Inca Empire Quiz

Click here to take the quiz!

General Stats

  • This quiz has been taken 46 times
  • The average score is 13 of 21

Answer Stats

QuestionAnswer% Correct
What "lost city" of the Incas is today a popular tourist attraction?Machu Picchu
96%
On what mountain range was the empire mostly located?Andes
89%
Parts of what modern-day countries were under Incan rule?Peru
89%
Parts of what modern-day countries were under Incan rule?Bolivia
86%
Parts of what modern-day countries were under Incan rule?Chile
86%
Parts of what modern-day countries were under Incan rule?Ecuador
82%
What mammal was the primary pack animal of the people?Llama or Alpaca
82%
Parts of what modern-day countries were under Incan rule?Colombia
82%
Parts of what modern-day countries were under Incan rule?Argentina
82%
What city was the administrative center of the empire?Cusco
75%
What still-in-use language was the most commonly spoken language in the empire?Quechua
71%
What was the name of the conquistador who led the Spanish conquest of the empire?Francisco Pizarro
64%
In Inca religion, Inti is the god of what?Sun
57%
What material did the Inca use in making most of their roads?Stone
50%
What was the staple crop of the Inca Empire?Potato
46%
The Inca Empire was the largest empire in Americas in what era?Pre-Columbian
36%
What name was given to series of strings tied with knots were for collecting
data and keeping records?
Quipu
32%
What Incan emperor did that conquistador defeat at the Battle of Cajamarca and
captured him to control the Inca Empire?
{Atahu}alpa
32%
What name was given to the rulers of the Inca Empire?{Sapa} Inca
21%
What was the name of the half-brother of the above whom he killed in order
to not helping the Spanish?
{Huás}car
21%
What Inca state was established in 1537 and lasted until 1572, when their last stronghold
was conquered by the Spanish?
{Neo}-{Inca} State
14%

Score Distribution

Percentile by Number Answered

Percent of People with Each Score

Your Score History

You have not taken this quiz